[Event "British Chess Championships 2023: U12 Championship"]
[Site "The Venue, De Montfort University, 20 Western Boulevard, Leicester, LE2 7BU"]
[Date "2023.07.26"]
[Round "2"]
[Board "33"]
[White "Merchant, Samuel"]
[Black "Sandhu, Rohan"]
[Result "1-0"]
[WhiteElo "1291"]
[BlackElo "926"]
[PlyCount "41"]
[EventDate "2023.07.25"]
[EventRounds "7"]
[EventCountry "ENG"]

1. d4 Nf6 2. Nc3 g6 3. e4 d6 4. f4 Bg7 5. Nf3 O-O 6. Bd3 Na6 7. O-O e5 8. dxe5 dxe5
9. Nxe5 Nc5 10. Be3 Nxd3 11. Qxd3 Qe7 12. Qc4 b6 13. Nc6 Qd7 14. Rad1 Qe6 15. Qxe6
Bxe6 16. h3 h5 17. b3 Rfe8 18. e5 Nh7 19. Nb5 Rf8 20. Nxc7 Rac8 21. Ne7+  1-0

[Event "British Chess Championships 2023: U12 Championship"]
[Site "The Venue, De Montfort University, 20 Western Boulevard, Leicester, LE2 7BU"]
[Date "2023.07.26"]
[Round "2"]
[Board "34"]
[White "Sun, Bobby"]
[Black "Tomy, Judith"]
[Result "0-1"]
[WhiteElo "853"]
[BlackElo "1291"]
[PlyCount "142"]
[EventDate "2023.07.25"]
[EventRounds "7"]
[EventCountry "ENG"]

1. e4 e5 2. Nf3 Nc6 3. Bc4 Be7 4. Nc3 Nf6 5. Ng5 O-O 6. O-O Na5 7. d3 Nxc4 8. dxc4
d6 9. Qf3 Ng4 10. Nh3 Nf6 11. Qg3 Nh5 12. Qf3 Nf6 13. Bg5 Bg4 14. Qg3 Qd7 15. f3
Bh5 16. Bh6 Bg6 17. Be3 Nh5 18. Qg4 Qxg4 19. fxg4 Nf6 20. Bg5 d5 21. Nxd5 Nxd5 22.
Bxe7 Nxe7 23. Rad1 Bxe4 24. Rd7 Nc6 25. Rxc7 b6 26. Re1 Bxc2 27. Rxc6 f5 28. Rxe5
fxg4 29. Ng5 Bd3 30. Re1 Rf5 31. Rd6 Bxc4 32. Rd4 Bb5 33. Rxg4 Raf8 34. h3 h5 35.
Rb4 Rxg5 36. h4 a5 37. Rb3 Rgf5 38. Re6 Bc4 39. Rexb6 Bxb3 40. Rxb3 Rf1+ 41. Kh2
R8f4 42. Kh3 Rh1+ 43. Kg3 Rg4+ 44. Kf2 Rh2 45. Rg3 Rf4+ 46. Rf3 Rd4 47. Kg3 Rhxh4
48. Re3 Rhg4+ 49. Kh2 Rd2 50. Rg3 Rh4+ 51. Rh3 Rxh3+ 52. Kxh3 Rxb2 53. g3 Rxa2 54.
Kh4 Ra4+ 55. Kxh5 Re4 56. g4 a4 57. Kg5 a3 58. Kf5 Rb4 59. g5 a2 60. Kg6 a1=Q 61.
Kf5 Qa5+ 62. Kg6 Qa6+ 63. Kf5 Rb5+ 64. Kg4 Qg6 65. Kf4 Qxg5+ 66. Kf3 Rb4 67. Ke2
Rb3 68. Kd1 Rd3+ 69. Kc2 Qd2+ 70. Kb1 Rc3 71. Ka1 Rc1#  0-1

[Event "British Chess Championships 2023: U12 Championship"]
[Site "The Venue, De Montfort University, 20 Western Boulevard, Leicester, LE2 7BU"]
[Date "2023.07.26"]
[Round "3"]
[Board "1"]
[White "Steiners, Emils"]
[Black "Soulier, Alfred"]
[Result "1/2-1/2"]
[WhiteElo "1725"]
[BlackElo "1757"]
[PlyCount "0"]
[EventDate "2023.07.25"]
[EventRounds "7"]
[EventCountry "ENG"]

1. d4 Nf6 2. c4 e6 3. Nc3 Bb4 4. e3 O-O 5. Bd3 d5 6. a3 Bxc3+ 7. bxc3 dxc4 8. Bxc4
c5 9. Nf3 Qc7 10. Be2 Rd8 11. O-O Nc6 12. Qc2 cxd4 13. cxd4 Bd7 14. Bb2 Rac8 15.
Rac1 Qb6 16. Bc3 Ne7 17. Qb2 Qxb2 18. Bxb2 Nc6 19. Ne5 Nxe5 20. dxe5 Nd5 21. Bd4
a6 22. g3 Bc6 23. Rb1 b5 24. Rfc1 Be8 25. Bf3 Rc6 26. Rxc6 Bxc6 27. Rc1 Rc8 28. Be2
Bd7 29. Rxc8+ Bxc8 30. e4 Ne7 31. f4 Bb7 32. Bd3 Kf8 33. Kf2 Nc6 34. Bc3 Ke7 35.
Ke3 Bc8 36. g4 g6 37. h4 h6 38. h5 Bb7 39. Bb4+ Ke8 40. Bc3 Bc8 41. Kf3 Kf8 42. Kg3
Kg7 43. Kh4 Bb7 44. g5 hxg5+ 45. Kxg5 gxh5 46. Kxh5 Bc8 47. Kg5 Bd7 48. Be2 Be8 49.
Bf1 Bd7 50. Bd3 Be8 51. f5 Bd7 52. Be2 Be8 53. Kf4 Kh6 54. f6 Kg6 55. Ke3 Kg5 56.
Kf3 Kg6 57. Kf4 Kh6 58. Bf1 Kg6 59. Bd3 Kh6 60. Be2 Kg6 61. Bd3 Kh6 62. Bc2 Kg6 63.
Bd1 Kh6 64. a4 bxa4 65. Bxa4 Bd7 66. Bb3 a5 67. Ba4 Nxe5 68. Kxe5 Bxa4 69. Bxa5 Kg6
70. Bd8 Bc2 71. Kd4 Ba4 72. e5 Bc2 73. Kc5 Bf5 74. Bc7 Bb1 75. Bd6 Bf5 76. Kb6 Bb1
77. Ka5 Kh5 78. Kb4 Bg6 79. Bb8 Kh4 80. Ka3 Kh3 81. Kb2 Kh2 82. Kc1 Kh1 83. Kd1 Kg2
84. Ke1 Kf3 85. Kd2 Ke4 86. Kc3 Kd5 87. Kb4 Kc6 88. Bd6 Kb7 89. Kc5 Ka8 90. Kb6 Bh5
91. Kc7 Ka7 92. Kd7 Bg6 93. Ke8  1/2-1/2

[Event "British Chess Championships 2023: U12 Championship"]
[Site "The Venue, De Montfort University, 20 Western Boulevard, Leicester, LE2 7BU"]
[Date "2023.07.26"]
[Round "3"]
[Board "2"]
[White "Nguyen, Anh"]
[Black "Gunarathne, Senith"]
[Result "0-1"]
[WhiteElo "1664"]
[BlackElo "1460"]
[PlyCount "0"]
[EventDate "2023.07.25"]
[EventRounds "7"]
[EventCountry "ENG"]

1. e4 c5 2. Nf3 d6 3. d4 cxd4 4. Nxd4 Nf6 5. Nc3 a6 6. Be3 e5 7. Nb3 Be6 8. f3 Be7
9. Qd2 Nbd7 10. O-O-O b5 11. g4 b4 12. Nd5 Bxd5 13. exd5 a5 14. Kb1 Qc7 15. g5 Nh5
16. f4 Nxf4 17. Bxf4 exf4 18. Qxf4 Rc8 19. Rd2 Ne5 20. Nd4 Nc4 21. Bxc4 Qxc4 22.
Re1 Rc7 23. h4 O-O 24. Qe4 Bd8 25. Nf5 Qxe4 26. Rxe4 f6 27. gxf6 Bxf6 28. Rde2 Be5
29. Ne3 h5 30. Re1 Rcf7 31. Nc4 Rf4 32. a4 Rxe4 33. Rxe4 Rf4 34. Nd2 Rxe4 35. Nxe4
Kf7 36. c4 bxc3 37. bxc3 Kg6 38. Kc2 Kf5 39. Kd3 Kg4 40. Nd2 Bf4 41. c4 Kxh4 42.
Nf3+ Kg4 43. Ke4 g5 44. c5 dxc5 45. Ne5 Bxe5 46. Kxe5 c4 47. d6 c3 48. d7 c2 49.
d8=Q c1=Q 50. Qd7+ Kh4 51. Qd4+ g4 52. Ke6 Qe1+ 53. Kf5 Qg3 54. Kg6 Qf3 55. Qe5 g3
56. Qe1 Kh3 57. Kh6 g2 58. Qe6+ Qg4 59. Qe3+ Kh2 60. Qe5+ Kh1 61. Qd5 h4 62. Qc6
h3 63. Kh7 Kh2 64. Qc2 Qf3 65. Kh6 Kh1 66. Qc1+ g1=Q  0-1

[Event "British Chess Championships 2023: U12 Championship"]
[Site "The Venue, De Montfort University, 20 Western Boulevard, Leicester, LE2 7BU"]
[Date "2023.07.26"]
[Round "3"]
[Board "3"]
[White "Lebedev, Lion"]
[Black "Pereslavtsev, Alexandr"]
[Result "0-1"]
[WhiteElo "1719"]
[BlackElo "1555"]
[PlyCount "0"]
[EventDate "2023.07.25"]
[EventRounds "7"]
[EventCountry "ENG"]

1. e4 c5 2. Nf3 d6 3. d4 cxd4 4. Nxd4 Nf6 5. Nc3 a6 6. Be3 e5 7. Nb3 Be7 8. f3 Be6
9. Qd2 Nbd7 10. g4 b5 11. Ne2 Rc8 12. Ng3 Nb6 13. Nf5 Bxf5 14. Bxb6 Qxb6 15. gxf5
O-O 16. O-O-O Qc7 17. Bd3 Nh5 18. Kb1 Nf4 19. Nc1 Bg5 20. Rhg1 h6 21. h4 Bxh4 22.
Qh2 Qe7 23. Rg4 Bg5 24. Rdg1 f6 25. Rd1 Qc7 26. Bf1 Rfd8 27. Nd3 Nxd3 28. Bxd3 Qc5
29. Rg2 a5 30. c3 a4 31. a3 Rb8 32. Rc2 d5 33. Qe2 dxe4 34. Bxe4 Kh7 35. Rd3 Rd6
36. Rxd6 Qxd6 37. Qd3 Qb6 38. c4 bxc4 39. Qxc4 Qb3 40. Qxb3 Rxb3 41. Bc6 h5 42. Be8
Rxf3 43. Bg6+ Kh6 44. Rc8 Rf1+ 45. Ka2 Bf4 46. Rh8+ Kg5 47. Rxh5+ Kg4 48. Rh8 e4
49. b4 Be5  0-1

[Event "British Chess Championships 2023: U12 Championship"]
[Site "The Venue, De Montfort University, 20 Western Boulevard, Leicester, LE2 7BU"]
[Date "2023.07.26"]
[Round "3"]
[Board "4"]
[White "Ward, Cian"]
[Black "Richmond, Frank"]
[Result "1/2-1/2"]
[WhiteElo "1630"]
[BlackElo "1708"]
[PlyCount "0"]
[EventDate "2023.07.25"]
[EventRounds "7"]
[EventCountry "ENG"]

1. e4 e6 2. d4 d5 3. exd5 exd5 4. Nf3 Nf6 5. Bd3 Bd6 6. O-O O-O 7. Bg5 Bg4 8. Nbd2
Nbd7 9. Re1 c6 10. c3 Qc7 11. Qc2 Rfe8 12. h3 Bxf3 13. Nxf3 h6 14. Bd2 Bf4 15. Nh4
Bxd2 16. Qxd2 Rxe1+ 17. Rxe1 Re8 18. Rxe8+ Nxe8 19. Nf5 Nf8 20. Qe3 Ne6 21. g3 Nd6
22. Qe5 Nxf5 23. Qxc7 Nxc7 24. Bxf5 Nb5 25. Kg2 g6 26. Bd3 Kg7 27. Kf3 Kf6 28. h4
Ke6 29. g4 g5 30. hxg5 hxg5 31. Ke3 Nd6  1/2-1/2

[Event "British Chess Championships 2023: U12 Championship"]
[Site "The Venue, De Montfort University, 20 Western Boulevard, Leicester, LE2 7BU"]
[Date "2023.07.26"]
[Round "3"]
[Board "5"]
[White "Vaidyanathan, Adithya"]
[Black "Catabay, Rezin C"]
[Result "1-0"]
[WhiteElo "1559"]
[BlackElo "1579"]
[PlyCount "0"]
[EventDate "2023.07.25"]
[EventRounds "7"]
[EventCountry "ENG"]

1. Nf3 d5 2. d4 c5 3. c4 e6 4. cxd5 exd5 5. dxc5 Bxc5 6. Bg5 Qb6 7. e3 Qxb2 8. Nbd2
Bf5 9. e4 dxe4 10. Nxe4 Qb4+ 11. Ned2 Nc6 12. Qb3 Rc8 13. Bc4 Qxb3 14. Nxb3 Nb4 15.
Bb5+ Bd7 16. Bxd7+ Kxd7 17. Rd1+ Ke6 18. O-O f6 19. Nxc5+ Rxc5 20. Rfe1+ Kf5 21.
Be3 Ra5 22. g4+ Kg6 23. Nh4+ Kf7 24. Rd7+ Kf8 25. Bf4 Nd5 26. Bd6+ Nge7 27. Bxe7+
Ke8 28. Rd8+ Kf7 29. Rxh8 Nxe7 30. Rb8 Rb5 31. Nf5 Nxf5 32. gxf5 a5 33. Kg2 g6 34.
fxg6+ hxg6 35. Rh8 Kg7 36. Rd8 Rb2 37. h4 f5 38. Re7+ Kf6 39. Rdd7 b5 40. Ra7 Rxa2
41. Reb7 Ra4 42. Rb6+ Ke5 43. Rxb5+ Kf4 44. Rbxa5 Kg4 45. Rxa4+  1-0

[Event "British Chess Championships 2023: U12 Championship"]
[Site "The Venue, De Montfort University, 20 Western Boulevard, Leicester, LE2 7BU"]
[Date "2023.07.26"]
[Round "3"]
[Board "6"]
[White "Dairi, Ramsey"]
[Black "Sefton, Adam"]
[Result "1-0"]
[WhiteElo "1592"]
[BlackElo "1685"]
[PlyCount "0"]
[EventDate "2023.07.25"]
[EventRounds "7"]
[EventCountry "ENG"]

1. e4 e6 2. d4 d5 3. Nc3 Nf6 4. e5 Nfd7 5. f4 c5 6. Nf3 Nc6 7. Be3 cxd4 8. Nxd4 Bc5
9. Qd2 Qb6 10. Na4 Qb4 11. Nxc5 Qxd2+ 12. Kxd2 Nxc5 13. Bd3 Nxd3 14. cxd3 Bd7 15.
Nb5 O-O 16. Bc5 Rfd8 17. Nd6 b6 18. Ba3 h5 19. h3 h4 20. g3 Nd4 21. gxh4 Nf3+ 22.
Kd1 Nxh4 23. Rg1 Ng6 24. Rg4 Be8 25. Kd2 Nf8 26. Rag1 g6 27. h4 Bd7 28. h5 Rdb8 29.
hxg6 fxg6 30. Rh1 a5 31. Rgh4 g5 32. Rh8+ Kg7 33. fxg5 Bc6 34. R8h6 Ra7 35. g6 Rba8
36. d4 Nxg6 37. Rh7+ Kg8 38. R7h6 Kg7 39. R6h2 Rh8 40. Rxh8 Nxh8 41. b3 Ng6 42. Ke3
Rc7 43. Rc1 Kh7 44. Nb5 Rc8 45. Na7 Ra8 46. Nxc6 b5 47. Rh1+ Kg7 48. Bd6 a4 49. Rg1
axb3 50. axb3 Kh7 51. Rc1 Rc8 52. Rc5 Nh4 53. Na7 Nf5+ 54. Kd3 Rg8 55. Nxb5 Rg3+
56. Kc2 Rg2+ 57. Kb1 Rd2 58. Rc2 Rd3 59. Bc5 Rxb3+ 60. Rb2 Rd3 61. Kc2 Rh3 62. Nc7
Ne3+ 63. Kb1 Rh1+ 64. Ka2 Nc4 65. Rb7 Rh2+ 66. Kb1 Nd2+ 67. Kc1 Kg6 68. Rb2 Kf5 69.
Rxd2 Rh1+ 70. Kb2 Rf1 71. Rh2 Rg1 72. Rh6 Rg2+ 73. Kb3 Ke4 74. Rxe6 Rg3+ 75. Kb4
Rg1 76. Kb5  1-0

[Event "British Chess Championships 2023: U12 Championship"]
[Site "The Venue, De Montfort University, 20 Western Boulevard, Leicester, LE2 7BU"]
[Date "2023.07.26"]
[Round "3"]
[Board "7"]
[White "Walia, Shulin"]
[Black "Chu, Edward"]
[Result "1-0"]
[WhiteElo "1825"]
[BlackElo "1550"]
[PlyCount "0"]
[EventDate "2023.07.25"]
[EventRounds "7"]
[EventCountry "ENG"]

1. e4 d6 2. Nc3 Nf6 3. d4 g6 4. f3 Bg7 5. Be3 O-O 6. Qd2 Nbd7 7. O-O-O a6 8. Bh6
b5 9. h4 Nb6 10. g4 Nc4 11. Bxc4 bxc4 12. h5 Ne8 13. Bxg7 Nxg7 14. hxg6 fxg6 15.
Qh6 Rf6 16. Qxh7+ Kf7 17. g5 Rf4 18. Nd5 e5 19. Nxf4 exf4 20. Ne2 Rb8 21. Rh6 Qxg5
22. Rg1 Qb5 23. Qxg6+ Ke7 24. Qxg7+ Kd8 25. Rh8+ Qe8 26. Rxe8+ Kxe8 27. Qg8+ Kd7
28. d5 c6 29. Rg7#  1-0

[Event "British Chess Championships 2023: U12 Championship"]
[Site "The Venue, De Montfort University, 20 Western Boulevard, Leicester, LE2 7BU"]
[Date "2023.07.26"]
[Round "3"]
[Board "8"]
[White "Bates, Hubert"]
[Black "Marsden, Rupert"]
[Result "1/2-1/2"]
[WhiteElo "1368"]
[BlackElo "1670"]
[PlyCount "0"]
[EventDate "2023.07.25"]
[EventRounds "7"]
[EventCountry "ENG"]

1. e4 e6 2. d4 d5 3. e5 c5 4. c3 Qb6 5. Nf3 Bd7 6. a3 Bb5 7. Qb3 Bxf1 8. Qxb6 axb6
9. Kxf1 Nc6 10. Be3 c4 11. Nbd2 b5 12. Ke2 Nge7 13. g4 Nc8 14. Rab1 Be7 15. Kd1 O-O
16. Kc2 Nb6 17. Ne1 Nd7 18. f4 f6 19. Nef3 Rae8 20. Rbg1 fxe5 21. fxe5 Bd8 22. h4
Bb6 23. h5 Ncxe5 24. Ne1 Nc6 25. Rh3 Bc7 26. Ndf3 e5 27. dxe5 Ndxe5 28. Bc5 Nxf3
29. Nxf3 Rf4 30. g5 Re2+ 31. Kd1 Re8 32. g6 h6 33. Nd2 d4 34. cxd4 Nxd4 35. Bxd4
Rxd4 36. Rf3 Red8 37. Rg2 Ba5 38. Rff2 b4 39. axb4 Bxb4 40. Kc2 b5 41. Nf3 R4d5 42.
Rh2 Rf8 43. Nd2 Rxf2 44. Rxf2 Rxh5 45. Re2 Rf5 46. Re8+ Rf8 47. Re5 Bxd2 48. Kxd2
Rd8+ 49. Kc2 Kf8 50. Rxb5 Ke7 51. Rc5 Rd6 52. Rc7+ Kf6 53. Rxc4 Kxg6 54. b4 Kf6 55.
b5 g5 56. Kc3 Ke6 57. Kb4 Kd7 58. Ka5 Rd1 59. b6 Ra1+ 60. Kb5  1/2-1/2

[Event "British Chess Championships 2023: U12 Championship"]
[Site "The Venue, De Montfort University, 20 Western Boulevard, Leicester, LE2 7BU"]
[Date "2023.07.26"]
[Round "3"]
[Board "9"]
[White "Yu, Rock"]
[Black "Hariharan, Shambavi"]
[Result "1-0"]
[WhiteElo "1658"]
[BlackElo "1615"]
[PlyCount "0"]
[EventDate "2023.07.25"]
[EventRounds "7"]
[EventCountry "ENG"]

1. c4 c6 2. Qa4 Nf6 3. Nc3 e6 4. e4 d5 5. cxd5 exd5 6. e5 Nfd7 7. d4 Be7 8. Bd3 b5
9. Qc2 b4 10. Nce2 Qa5 11. Bd2 c5 12. Bxh7 Nc6 13. e6 fxe6 14. Qg6+ Kd8 15. Qxe6
Qa6 16. Bc2 Nf6 17. Qe3 Re8 18. dxc5 d4 19. Qd3 Bxc5 20. O-O-O Ne5 21. Qxa6 Bxa6
22. Be1 Nc6 23. Nf4 Kc7 24. Nf3 Rad8 25. h4 Ne5 26. Nxe5 Rxe5 27. h5 Nd5 28. Bd2
Kb6 29. Nd3 Bxd3 30. Bxd3 Rc8 31. Kb1 Rc6 32. g4 Nf6 33. f3 Re8 34. g5 Nd7 35. Rde1
Re7 36. h6 gxh6 37. gxh6 Rxe1+ 38. Rxe1 Rc8 39. h7 Rh8 40. Bh6 Bf8 41. Bxf8 Rxf8
42. Re7 Nc5 43. Kc2 Nxd3 44. Kxd3 Rxf3+ 45. Kxd4 Rh3 46. Ke5 Rh1 47. Kf6 Rf1 48.
Kg7 Rg1+ 49. Kf8 Rh1 50. Kg8 Rg1+ 51. Rg7 Rh1 52. h8=Q Rxh8+ 53. Kxh8 a5 54. Rg5
Ka6 55. Kg7 a4 56. a3 bxa3 57. bxa3 Kb6 58. Kf6 Ka6 59. Ke5 Kb5 60. Kd4+ Ka6 61.
Kc4 Kb6 62. Kb4  1-0

[Event "British Chess Championships 2023: U12 Championship"]
[Site "The Venue, De Montfort University, 20 Western Boulevard, Leicester, LE2 7BU"]
[Date "2023.07.26"]
[Round "3"]
[Board "10"]
[White "De Silva, Sithun"]
[Black "Sui, Yueyue"]
[Result "1/2-1/2"]
[WhiteElo "1664"]
[BlackElo "1512"]
[PlyCount "0"]
[EventDate "2023.07.25"]
[EventRounds "7"]
[EventCountry "ENG"]

1. e4 e6 2. d4 d5 3. e5 c5 4. c3 Qb6 5. Nf3 Bd7 6. Be2 Bb5 7. O-O Bxe2 8. Qxe2 cxd4
9. cxd4 Nc6 10. Nc3 Nge7 11. Be3 Nf5 12. Rfd1 Be7 13. a3 O-O 14. Qd3 Rfd8 15. b4
a6 16. Rac1 Rac8 17. Na4 Qa7 18. Rc3 b5 19. Nc5 Bxc5 20. Rxc5 Nce7 21. Rdc1 Rxc5
22. Rxc5 Rc8 23. Nd2 Rxc5 24. bxc5 Nc6 25. Nb3 h6 26. Bd2 Nfe7 27. f4 Qc7 28. g4
Qd7 29. h3 Qc8  1/2-1/2

[Event "British Chess Championships 2023: U12 Championship"]
[Site "The Venue, De Montfort University, 20 Western Boulevard, Leicester, LE2 7BU"]
[Date "2023.07.26"]
[Round "3"]
[Board "11"]
[White "Ashton, Alannah"]
[Black "Lukhi, Neev"]
[Result "1/2-1/2"]
[WhiteElo "1497"]
[BlackElo "1588"]
[PlyCount "0"]
[EventDate "2023.07.25"]
[EventRounds "7"]
[EventCountry "ENG"]

1. e4 e6 2. d4 d5 3. e5 c5 4. c3 Nc6 5. Nf3 Qb6 6. Bd3 cxd4 7. O-O dxc3 8. Nxc3 Bd7
9. Re1 Nb4 10. Be3 Bc5 11. Bxc5 Qxc5 12. Bf1 Nh6 13. h3 Nf5 14. a3 Nc6 15. Bd3 Ncd4
16. Rc1 Qb6 17. Nxd4 Nxd4 18. Qg4 g6 19. Qh4 Nb3 20. Rb1 Nc5 21. Bc2 Qd8 22. Qh6
Qe7 23. Nd1 Qf8 24. Qf4 h5 25. Qf6 Rg8 26. Re3 Qe7 27. Qf4 Rc8 28. Nc3 Na6 29. Rd1
Rc4 30. Rd4 g5 31. Rg3 Rxd4 32. Qxd4 Qc5 33. Qxc5 Nxc5 34. f4 g4 35. Bd1 d4 36. b4
h4 37. Rxg4 Rxg4 38. hxg4 dxc3 39. bxc5 Bb5 40. Bc2 Kd7 41. Kf2 Kc6 42. g5 Kxc5 43.
f5 exf5 44. Bxf5 Kd5 45. e6 fxe6 46. g6 Be8 47. g7 Bf7 48. Bh7 b5 49. Ke2 a5 50.
Kd3 b4 51. axb4 axb4 52. g8=Q Bxg8 53. Bxg8 Ke5 54. Bh7 Kd5 55. Bg8 Kd6 56. Bh7 Kc5
57. Bg8 e5 58. Bb3 Kc6 59. Ke4 Kd6 60. Kf5 Ke7 61. Kxe5 h3 62. gxh3 Kf8 63. Kf6 c2
64. Bxc2  1/2-1/2

[Event "British Chess Championships 2023: U12 Championship"]
[Site "The Venue, De Montfort University, 20 Western Boulevard, Leicester, LE2 7BU"]
[Date "2023.07.26"]
[Round "3"]
[Board "12"]
[White "Rughani, Mahin"]
[Black "Burnside, Aidan"]
[Result "0-1"]
[WhiteElo "1687"]
[BlackElo "1345"]
[PlyCount "0"]
[EventDate "2023.07.25"]
[EventRounds "7"]
[EventCountry "ENG"]

1. d4 d5 2. Bf4 Nf6 3. e3 e6 4. Nf3 Be7 5. Bd3 Nbd7 6. c3 O-O 7. Nbd2 b6 8. Ne5 Bb7
9. Qc2 c5 10. O-O g6 11. h3 h5 12. Bxg6 Qe8 13. Bh6 fxg6 14. Bxf8 Nxf8 15. f4 Ne4
16. Nxe4 dxe4 17. a4 Nd7 18. Nc4 Ba6 19. Qb3 Rc8 20. Rf2 cxd4 21. Ne5 Nc5 22. Qd1
Nd3 23. Nxd3 Bxd3 24. exd4 Bh4 25. Rd2 Bg3 26. Qb3 Bxf4 27. Rdd1 Be3+ 28. Kh1 Qf7
29. a5 e5 30. Qxf7+ Kxf7 31. axb6 axb6 32. dxe5 Ke6 33. g3 Kxe5 34. Kg2 g5 35. Re1
Bd2 36. Red1 e3 37. Kf3 Rf8+ 38. Kg2 Rf2+ 39. Kg1 Ke4 40. Kh1 Kf3  0-1

[Event "British Chess Championships 2023: U12 Championship"]
[Site "The Venue, De Montfort University, 20 Western Boulevard, Leicester, LE2 7BU"]
[Date "2023.07.26"]
[Round "3"]
[Board "13"]
[White "Pai, Sidhanth"]
[Black "Kilambi, Venkata Ananth Akshay"]
[Result "0-1"]
[WhiteElo "1438"]
[BlackElo "1533"]
[PlyCount "0"]
[EventDate "2023.07.25"]
[EventRounds "7"]
[EventCountry "ENG"]

1. e4 c6 2. d4 d5 3. Nc3 dxe4 4. Nxe4 Nf6 5. Nxf6+ exf6 6. c3 Bd6 7. Bd3 O-O 8. Ne2
Re8 9. O-O Qc7 10. Ng3 Nd7 11. Re1 Rxe1+ 12. Qxe1 Nf8 13. Be3 Be6 14. Qd2 Ng6 15.
Qc2 a5 16. a4 Re8 17. Re1 Bd5 18. b3 Rb8 19. Rb1 b5 20. c4 bxc4 21. bxc4 Be6 22.
Bd2 Bb4 23. Ne4 Qd7 24. Bc3 Rd8 25. Bb2 Nf4 26. Bf1 Bf5 27. f3 Bg6 28. Qf2 f5 29.
Ng3 Ne6 30. Rd1 f4 31. Ne4 f5 32. Nc3 Nxd4 33. Nd5 cxd5 34. Bxd4 Qxa4 35. Qe2 Re8
36. Be5 Bc5+ 37. Kh1 Rxe5 38. Qd2 d4 39. Rb1 Re8 40. Rb5 Qa1 41. Kg1 Ba7 42. c5 Re1
43. Qd3 Qc1 44. Rxa5 Qe3+ 45. Qxe3 fxe3 46. Rxa7 e2 47. Ra8+ Kf7 48. Ra7+ Kf6 49.
Ra6+ Kg5 50. Kf2 exf1=Q+ 51. Kg3 f4+  0-1

[Event "British Chess Championships 2023: U12 Championship"]
[Site "The Venue, De Montfort University, 20 Western Boulevard, Leicester, LE2 7BU"]
[Date "2023.07.26"]
[Round "3"]
[Board "14"]
[White "Lee, Yuk Hei"]
[Black "Kendall, Arthur"]
[Result "0-1"]
[WhiteElo "1390"]
[BlackElo "1438"]
[PlyCount "0"]
[EventDate "2023.07.25"]
[EventRounds "7"]
[EventCountry "ENG"]

1. e4 e6 2. d4 d5 3. Nc3 Nf6 4. e5 Nfd7 5. f4 c5 6. Nf3 Nc6 7. Be3 a6 8. Be2 Be7
9. O-O cxd4 10. Nxd4 Nxd4 11. Bxd4 Qc7 12. Qd2 b5 13. Bf3 Bb7 14. Ne2 Rc8 15. c3
Bc5 16. Rac1 f6 17. exf6 Nxf6 18. Ng3 O-O 19. Kh1 Bd6 20. Be2 e5 21. fxe5 Bxe5 22.
Bxe5 Qxe5 23. Rce1 Ne4 24. Nxe4 dxe4 25. Bg4 Rcd8 26. Qe2 Qg5 27. Be6+ Kh8 28. Rxf8+
Rxf8 29. Rf1 Rd8 30. Qf2 Qe7 31. Qf5 Re8 32. Bd7 Rd8 33. Be6 e3 34. Bb3 e2 35. Re1
Rf8 36. Qb1 Qf6 37. Rg1 Qf1  0-1

[Event "British Chess Championships 2023: U12 Championship"]
[Site "The Venue, De Montfort University, 20 Western Boulevard, Leicester, LE2 7BU"]
[Date "2023.07.26"]
[Round "3"]
[Board "15"]
[White "Pandya, Dhairya"]
[Black "Konara, Seha"]
[Result "1-0"]
[WhiteElo "1569"]
[BlackElo "1218"]
[PlyCount "83"]
[EventDate "2023.07.25"]
[EventRounds "7"]
[EventCountry "ENG"]

1. e4 e5 2. Nf3 Nc6 3. c3 Nf6 4. d4 exd4 5. e5 Nd5 6. Qb3 Nb6 7. cxd4 Bb4+ 8. Bd2
Bxd2+ 9. Nbxd2 d5 10. Bb5 O-O 11. Bxc6 bxc6 12. O-O Ba6 13. Rfe1 Qe7 14. Rac1 Qd7
15. Qc2 Nc4 16. Nxc4 dxc4 17. Ng5 g6 18. Qc3 f5 19. exf6 Rxf6 20. Ne4 Rff8 21. Nc5
Qc8 22. Nxa6 Qxa6 23. Qxc4+ Qxc4 24. Rxc4 Rab8 25. b3 Rbd8 26. Rxc6 Rxd4 27. Rxc7
Rd2 28. f3 Rf7 29. Re8+ Kg7 30. Ree7 Rxe7 31. Rxe7+ Kh6 32. Rxa7 g5 33. a4 Kg6 34.
a5 Rb2 35. Rb7 Ra2 36. b4 Ra4 37. Rb6+ Kf5 38. g3 Ke5 39. a6 Kd5 40. Rb5+ Kc6 41.
Ra5 Rxb4 42. a7  1-0

[Event "British Chess Championships 2023: U12 Championship"]
[Site "The Venue, De Montfort University, 20 Western Boulevard, Leicester, LE2 7BU"]
[Date "2023.07.26"]
[Round "3"]
[Board "16"]
[White "Calvert, George"]
[Black "Sisupalan, Beni"]
[Result "0-1"]
[WhiteElo "1345"]
[BlackElo "1476"]
[PlyCount "124"]
[EventDate "2023.07.25"]
[EventRounds "7"]
[EventCountry "ENG"]

1. e4 e5 2. Nf3 Nc6 3. Nc3 Nf6 4. Bc4 Bc5 5. O-O d6 6. h3 Be6 7. Bxe6 fxe6 8. Ng5
Qe7 9. Nb5 a6 10. Nc3 h6 11. Nf3 O-O 12. Nh4 Qf7 13. d3 Nh5 14. Qe2 Ng3 15. Qf3 Nxf1
16. Kxf1 Nd4 17. Qxf7+ Rxf7 18. Nd1 Nxc2 19. Rb1 Raf8 20. Ng6 Rxf2+ 21. Nxf2 Rxf2+
22. Kg1 Rf6+ 23. Kh2 Rxg6 24. Bd2 Rf6 25. Rc1 Nd4 26. b4 Bb6 27. h4 Rf2 28. Bc3 Rc2
29. Rxc2 Nxc2 30. g4 Bd4 31. Bd2 Kf7 32. Kg3 Ne3 33. Kf3 Nc2 34. g5 hxg5 35. hxg5
c5 36. bxc5 Bxc5 37. Ke2 Nd4+ 38. Kd1 d5 39. Kc1 Nf3 40. Kc2 Nxd2 41. Kxd2 Kg6 42.
Ke2 Kxg5 43. Kf3 Kh4 44. Kg2 Kg4 45. a4 Kf4 46. exd5 exd5 47. Kf1 Ke3 48. a5 Kxd3
49. Ke1 e4 50. Kd1 e3 51. Ke1 Bb4+ 52. Kf1 e2+ 53. Kg2 e1=Q 54. Kf3 Qe4+ 55. Kg3
Bd6+ 56. Kf2 Qf4+ 57. Kg2 Qg3+ 58. Kf1 Qf3+ 59. Kg1 Qe2 60. Kh1 Bg3 61. Kg1 Qf2+
62. Kh1 Qf1#  0-1

[Event "British Chess Championships 2023: U12 Championship"]
[Site "The Venue, De Montfort University, 20 Western Boulevard, Leicester, LE2 7BU"]
[Date "2023.07.26"]
[Round "3"]
[Board "17"]
[White "Beattie, Conor"]
[Black "Merchant, Samuel"]
[Result "1-0"]
[WhiteElo "1570"]
[BlackElo "1291"]
[PlyCount "41"]
[EventDate "2023.07.25"]
[EventRounds "7"]
[EventCountry "ENG"]

1. c4 c6 2. Qa4 Nf6 3. Nc3 e6 4. e4 d6 5. d3 Bd7 6. Nge2 Qc7 7. g3 d5 8. Bg2 a6 9.
Qb3 Be7 10. cxd5 O-O 11. dxe6 Bxe6 12. Qc2 c5 13. O-O Rd8 14. Nf4 Bc8 15. Nfd5 Nxd5
16. Nxd5 Rxd5 17. exd5 Bg4 18. Re1 Qd7 19. Bf4 Bf6 20. Qxc5 Be7 21. Rxe7  1-0

[Event "British Chess Championships 2023: U12 Championship"]
[Site "The Venue, De Montfort University, 20 Western Boulevard, Leicester, LE2 7BU"]
[Date "2023.07.26"]
[Round "3"]
[Board "18"]
[White "Gomez, Hal"]
[Black "Ranasinghe, Chaniru"]
[Result "0-1"]
[WhiteElo "1305"]
[BlackElo "1524"]
[PlyCount "60"]
[EventDate "2023.07.25"]
[EventRounds "7"]
[EventCountry "ENG"]

1. c4 Nf6 2. Nc3 g6 3. g3 Bg7 4. Bg2 d6 5. e3 O-O 6. Nge2 c6 7. d4 Nbd7 8. O-O e5
9. Bd2 Re8 10. Rc1 Nb6 11. Na4 Bg4 12. Nxb6 axb6 13. h3 Bxe2 14. Qxe2 exd4 15. a3
dxe3 16. Bxe3 Nd7 17. Qd2 Qf6 18. Rc2 Ne5 19. Bxb6 Ra4 20. c5 d5 21. Qd1 Rd4 22.
Qe2 Rd3 23. Kh1 Re6 24. f4 Rxg3 25. fxe5 Qg5 26. Qf2 f5 27. exf6 Rxf6 28. Bd8 Rxf2
29. Bxg5 Rxc2 30. Bh4 Rgxg2  0-1